000 00294nam a22001337a 4500
008 170621b xxu||||| |||| 00| 0 eng d
020 _a0805738568
041 _aeng
080 _a94
100 _a16
101 _aSHH
245 _aTHE AMERICAN COMMUNIST MOVEMENT
_cKLEHR,H
942 _2udc
_cBK
999 _c18515
_d18515